Le pouvoir politique en Haiti de 1957 à nos jours / (Registro nro. 5498)
[ vista simple ]
| 000 -CABECERA | |
|---|---|
| campo de control de longitud fija | 00789cam a2200229 a 4500 |
| 001 - NÚMERO DE CONTROL | |
| campo de control | 000005702 |
| 005 - FECHA Y HORA DE LA ÚLTIMA TRANSACCIÓN | |
| campo de control | 20200929151743.0 |
| 008 - DATOS DE LONGITUD FIJA--INFORMACIÓN GENERAL | |
| campo de control de longitud fija | 950221s1994 fr b 001 0 fre |
| 020 ## - NÚMERO INTERNACIONAL ESTÁNDAR DEL LIBRO | |
| Número Internacional Estándar del Libro | 9290282126 (ACCT) |
| 020 ## - NÚMERO INTERNACIONAL ESTÁNDAR DEL LIBRO | |
| Número Internacional Estándar del Libro | 286537453X (Karthala) |
| 040 ## - FUENTE DE LA CATALOGACIÓN | |
| Centro catalogador/agencia de origen | DO-SdBNP |
| Centro/agencia transcriptor | DLC |
| 082 ## - NÚMERO DE LA CLASIFICACIÓN DECIMAL DEWEY | |
| Número de clasificación | 320.97294 |
| Número de documento/Ítem | C475p |
| 100 1# - ENTRADA PRINCIPAL--NOMBRE DE PERSONA | |
| Nombre de persona | Charles, Etzer, |
| Fechas asociadas al nombre | 1945- |
| 9 (RLIN) | 16101 |
| 245 13 - MENCIÓN DE TÍTULO | |
| Título | Le pouvoir politique en Haiti de 1957 à nos jours / |
| Mención de responsabilidad, etc. | Etzer Charles ; preface, Jean Ziegler. |
| 260 ## - PUBLICACIÓN, DISTRIBUCIÓN, ETC. | |
| Lugar de publicación, distribución, etc. | Paris : |
| Nombre del editor, distribuidor, etc. | ACCT, |
| -- | Editions Karthala, |
| Fecha de publicación, distribución, etc. | 1994. |
| 300 ## - DESCRIPCIÓN FÍSICA | |
| Extensión | 440 p. ; |
| Dimensiones | 25 cm. |
| 440 #0 - MENCIÓN DE SERIE/PUNTO DE ACCESO ADICIONAL--TÍTULO | |
| Título | Hommes et societes |
| 9 (RLIN) | 16102 |
| 504 ## - NOTA DE BIBLIOGRAFÍA, ETC. | |
| Nota de bibliografía, etc. | Bibliográfias p. [429]-437 e índice. |
| 651 #4 - PUNTO DE ACCESO ADICIONAL DE MATERIA--NOMBRE GEOGRÁFICO | |
| Nombre geográfico | Haití |
| Subdivisión general | Política Y Gobierno |
| Subdivisión cronológica | SIGLO XX |
| 9 (RLIN) | 16103 |
| 650 #4 - PUNTO DE ACCESO ADICIONAL DE MATERIA--TÉRMINO DE MATERIA | |
| Término de materia o nombre geográfico como elemento de entrada | Clases sociales |
| Subdivisión geográfica | Haití |
| 9 (RLIN) | 16104 |
| 910 ## - DATOS DE OPCIÓN DEL USUARIO (OCLC) | |
| Datos de opción del usuario | Catalogación por copia / LC |
| Estado de retiro | Estado de pérdida | Restricciones de uso | No para préstamo | Código de colección | Localización permanente | Ubicación/localización actual | Ubicación en estantería | Fecha de adquisición | Número de inventario | Total de préstamos | Signatura topográfica completa | Código de barras | Fecha visto por última vez | Precio válido a partir de | Tipo de ítem Koha |
|---|---|---|---|---|---|---|---|---|---|---|---|---|---|---|---|
| Préstamo interno | Monografías: Libros y Folletos | General | General | En catalogación | 21.08.2009 | LF1 | 320.97294 C475p | 5702-10 | 25.06.2020 | 25.06.2020 | Préstamo interno |
